000 00687nam a2200241Ia 4500
003 OSt
005 20220930072137.0
006 a|||||r|||| 00| 0
007 ta
008 220926b |||||||| |||| 00| 0 hin d
024 _a19029
037 _cTheses
040 _aCRL
_cCRL
_bhin
041 _2hin
_ahin
100 _aTrivedi Ram Laidaitey
_9529457
110 _aUniversity of Delhi. Faculty of Arts. Department of Sanskrit
245 0 _aShri Lakshmi sahastram ka sahityik adhyayan
260 _c1994
650 _aSANSKRIT
700 _aUniversity of Delhi. Faculty of Arts. Department of Sanskrit
942 _cDIS
_2CC
999 _c863453
_d863453